Борьба с отложениями минеральных осадков и оценка риска при разаботке глубоководных месторождений; Нефтегазовые технологии; № 1

Bibliographische Detailangaben
Parent link:Нефтегазовые технологии: научно-технический журнал/ World Oil ; Pipe Line Industry ; Gulf Publishing Company.— , 1994-.— 0202-4578
№ 1.— 2004.— С. 54-59
1. Verfasser: Колинз А. Айэн
Weitere Verfasser: Иванов В. (переводчик)
Sprache:Russisch
Veröffentlicht: 2004
Schriftenreihe:Нефть мира
Schlagworte:
Format: MixedMaterials Buchkapitel
KOHA link:https://koha.lib.tpu.ru/cgi-bin/koha/opac-detail.pl?biblionumber=391129

MARC

LEADER 00000naa2a2200000 4500
001 391129
005 20231101064042.0
035 |a (RuTPU)RU\TPU\prd\24924 
090 |a 391129 
100 |a 20040406a2004 k y0rusy50 ca 
101 0 |a rus 
102 |a RU 
200 1 |a Борьба с отложениями минеральных осадков и оценка риска при разаботке глубоководных месторождений  |f А. Колинз  |g Пер. В. Иванов 
225 1 |a Нефть мира 
461 1 |0 (RuTPU)RU\TPU\prd\1175  |x 0202-4578  |t Нефтегазовые технологии  |o научно-технический журнал  |f World Oil ; Pipe Line Industry ; Gulf Publishing Company  |d 1994- 
463 1 |0 (RuTPU)RU\TPU\prd\24183  |t № 1  |v С. 54-59  |d 2004 
610 1 |a минеральные осадки 
610 1 |a отложения 
610 1 |a оценка рисков 
610 1 |a глубоководные месторождения 
610 1 |a разработка 
610 1 |a проблемы 
610 1 |a прогнозирование 
610 1 |a борьба 
700 1 |a Колинз  |b А.  |g Айэн 
702 1 |a Иванов  |b В.  |4 730 
801 1 |a RU  |b 63413507  |c 20040406  |g PSBO 
801 2 |a RU  |b 63413507  |c 20120116  |g RCR 
942 |c BK